| 000 | 01018cam a22002653a 4500 | ||
|---|---|---|---|
| 001 | 14273 | ||
| 003 | PGUSA | ||
| 005 | 20140828083315.0 | ||
| 008 | 041206s2004||||xxu|||||s|||||000 1 eng d | ||
| 040 |
_aPGUSA _beng |
||
| 042 | _adc | ||
| 050 | 4 | _aPT | |
| 100 | 1 |
_aLagerlöf, Selma, _d1858-1940 |
|
| 245 | 1 | 0 |
_aInvisible Links _h[electronic resource] / _cSelma Lagerlöf |
| 260 |
_bProject Gutenberg, _c2004 |
||
| 505 | 0 | _aThe spirit of fasting and Petter Nord -- The legend of the bird's nest -- The king's grave -- The outlaws -- The legend of Reor -- Valdemar Atterdag -- Mamsell Fredrika -- The romance of a fisherman's wife -- Mother's portrait -- A fallen king -- A Christmas guest -- Uncle Reuben -- Downie -- Among the climbing roses. | |
| 506 | _aPublic domain in the USA. | ||
| 516 | _aElectronic text | ||
| 653 | _aShort stories | ||
| 653 | _aFiction | ||
| 700 | 1 | _aFlach, Pauline Bancroft | |
| 830 | 0 |
_aProject Gutenberg _v14273 |
|
| 856 | 4 | 0 | _uhttp://www.gutenberg.org/ebooks/14273 |
| 942 | _cEB | ||
| 999 |
_c243528 _d243528 |
||